| 000 | 00618nam a2200193 a 4500 | ||
|---|---|---|---|
| 003 | PILC | ||
| 005 | 20150112093442.0 | ||
| 008 | 100713s19uu xx 00 eng d | ||
| 020 | _a9812471103 | ||
| 050 |
_aHF 5548.8 _b.R569 2003 |
||
| 082 |
_aPSF 158.7 _bR44 2003 |
||
| 100 |
_aRiggio, Ronald E. _920181 |
||
| 245 |
_aIntroduction to Industrial / Organizational Psychology / _cRonald E. Riggio |
||
| 250 | _a4th ed. | ||
| 260 |
_aNew Jersey : _bPrentice-Hall, Inc, _c2003. |
||
| 300 |
_a556 pages : _billustration ; _c26 cm. |
||
| 650 |
_aPsychology- Industrial _xPsychology-Organizational _920182 |
||
| 942 |
_2lcc _cBK |
||
| 999 |
_c14788 _d14788 |
||